Veľký slovensko-ruský slovník

Guardado en:
Detalles Bibliográficos
Formato: Libro
Lenguaje:eslovaco
ruso
Publicado: Bratislava Veda 1986
Edición:1. vyd.
Etiquetas: Agregar Etiqueta
Sin Etiquetas, Sea el primero en etiquetar este registro!

MARC

LEADER 00000nam a2200000 4500
001 c029513
005 20221219101023.0
041 0 |a slo 
041 0 |a rus 
044 |a SK 
245 1 0 |a Veľký slovensko-ruský slovník 
250 |a 1. vyd. 
264 1 |a Bratislava  |b Veda  |c 1986 
300 |a 808 s.